000 00583nam a2200169 i 4500
001 44513
003 ES-MaACL
005 20230906161039.0
007 t|
008 030321s1931 sp ||||1| spa d
100 1 _aCeballos Teresi, José G.
_937282
245 1 0 _aHacia la normalidad monetaria
_b: el credo de la revalorización total de la peseta /
_cpor José G. Ceballos Teresi.
260 _aMadrid :
_b[s.n.],
_c1931 (
_fTall. Tip. "El Financiero")
300 _a100 p. ;
_c20 cm.
651 4 _aEspaña-
_xPolítica monetaria-
_y1902-1931.
_9163300
852 _aES-MaACL
_j1751-F-4
999 _c44513
_d44513